00636nam a2200181Ia 450000100060000000800390000602000220004508200100006710000160007724500710009326000450016430000170020965300290022665300200025594200120027595201500028799900170043759679160407n ii |||gr||||Z||||||465 a978-93-80235-94-3 a572.2 aRaaman,eN. 0aExperimental Phytochemical TechniquescN.RaamanhTextual Documents aNew Delhi:bNew India Publishing Agency. a438p:c23cm. aPhytochemical Techniques aG- Life Science 2ddccBK 001040708General aSKBLbSKBLcG - Life Scienced2016-04-07f00000g2700.00l0o572.2 Ra141Exp3346/ELr2024-01-14 00:00:00t1w2016-04-07yBK c59555d59555